| 000 | 00742nam a2200229Ia 4500 | ||
|---|---|---|---|
| 008 | 170203s9999 xx 000 0 und d | ||
| 020 | _a9717174598 | ||
| 050 | _aFic | ||
| 050 | _bR883t | ||
| 100 | _aRowlands, Avril. | ||
| 245 | 4 | _aThe pig's tale = ang kuwento tungkol sa baboy / | |
| 245 | _cAvril Rowlands ; [Tagalog translations by Joe Arceo ; edited by Letty Paler ; illustrations by Zius Bondoc]. | ||
| 260 | _aMakati, Philippines : | ||
| 260 | _bChurch Strengthening Ministry, | ||
| 300 | _a24 pages : | ||
| 300 | _bcolor illustrations. | ||
| 440 | _aTales from the | ||
| 440 | _vArk, 2. | ||
| 700 | _aArceo, Joe, translated by | ||
| 700 | _aBondoc, Zius, illustrations by : | ||
| 700 | _aPaler, Letty, edited by ; | ||
| 999 |
_c306587 _d306587 |
||